000 00621nam a2200217Ia 4500
001 5520
003 GE_BSU
008 181216s||||||||xx |||||||||||||| ||und||
020 _a503009183
040 _cGE_BSU
080 _a
100 _aКлайн, М
245 _aМатематика. Поиск истины
245 _cПод ред. Ю. В. Сачкова и В.И. Аршинова Пер. с англ. Ю.А. Данилова;
260 _aМосква
260 _bМир,
260 _c1988.
300 _a295 с22см.
653 _aМатематика. Поиск истины
942 _cBK
999 _c39015
_d39015